| 000 | 01280nam0a22002771 4500 | ||
|---|---|---|---|
| 001 | rc\4523517 | ||
| 005 | 20260408082753.0 | ||
| 021 |
_aRU _bРг8820-63 |
||
| 035 | _a(NLR Aleph) 008352152 | ||
| 090 |
_a8944464 _c8944464 |
||
| 100 | _a20130416d1963 |||y0rusy50 ca | ||
| 101 | 0 | _arus | |
| 102 | _aRU | ||
| 105 | _ay z ||||| | ||
| 200 | 1 |
_aКак организовать в культпросветучреждениях пропаганду июньского (1963 г.) Пленума ЦК КПСС и VI Пленума ЦК КПБ _e(Инструкт.-метод. письмо) _fМ-во культуры БССР. Респ. метод. кабинет культпросветработы |
|
| 210 |
_aМинск _cБ. и. _d1963 |
||
| 215 |
_a[1], 12 л. _d30 |
||
| 300 | _aОтпеч. множит. аппаратом | ||
| 300 | _aВ конце текста авт.: методист В. Якимко | ||
| 701 | 1 |
_aЯкимко _bВ. |
|
| 712 | 0 | 2 |
_aБелорусский республиканский методический кабинет культурно-просветительной работы _cМинск _9801513 _3RU\NLR\AUTH\8810153182 |
| 801 | 0 |
_aRU _bNLR _gpsbo |
|
| 801 | 1 |
_aRU _bELAR _2rusmarc |
|
| 852 |
_aNLR _j63-8/2556 |
||
| 942 | _cBOOK | ||
| 980 | _aNB | ||